00751nam a2200241 a 4500001001300000003000900013005001700022008004100039020002300080082001800103100002200121245005800143260004000201300000900241500003500250505001800285650003300303700002200336902000800358942000700366952011900373999001700492nice12345678IN_TiNIC20260116014529.0110502s2011 dela grp 000 0 eng  a9788187358596c69500a954.1632bKAR aKarlsson, Bengt G aUnruly Hillsb Nature and Nation in India`s Northeast aDelhi bSocial Science Press c2011 a334p aincludes index and biblioraphy2 abiblio, index aNorth East India-Environment1 aKarlsson, Bengt G bSRS cBK 001040708StackRoom-aHMIbHMId2011-05-02g695.00l0o954.1632 KARp023605r2011-05-02v695.00w2011-05-02yBK c15812d15812